000 00682nam a22002177a 4500
005 20251108172501.0
008 250721s2001 xx 000 0 ara d
082 1 4 _a303.625/روس
100 1 _aأبوالروس، أحمد
245 1 0 _aإرهاب و التطرف و العنف في الدول العربية /
264 1 _aالإسكندرية :
_bالمكتب الجامعي الحديث،
_c2001.
300 _a346ص.
650 1 7 _aالإرهاب
650 1 7 _aالعنف
650 1 7 _aالعنف السياسي
650 1 7 _aالبلدان العربية
650 1 7 _aمكافحة الإرهاب
653 _aالتطرف
942 _2ddc
_cBK
999 _c80509
_d80509